Prečo sú služby full-servisovej reklamnej agentúry pre klienta najlepším a najefektívnejším riešením.

Zakladateľ firmy Ogilvy and Mather David Ogilvy definuje reklamnú agentúru s kompletným servisom. Dôvody, prečo klienti dávajú prednosť full servisovým agentúram: Ľudia. Efektívnosť. Objektívnosť. Zodpovednosť. Tvorivosť. Inovácia. Pružnosť. Skúsenosť. Hodnota. Ceny a hodnota ako lákadlo pre väčšinu...

Descrizione completa

Salvato in:
Dettagli Bibliografici
Autore principale: Ogilvy, D.
Natura: Capitolo di libro
Lingua:slovacco
Soggetti:
Tags: Aggiungi Tag
Nessun Tag, puoi essere il primo ad aggiungerne!!

MARC

LEADER 00000naa a2200000 4500
001 r027649
005 20230824091300.1
041 0 |a slo 
044 |a SK 
245 1 0 |a Prečo sú služby full-servisovej reklamnej agentúry pre klienta najlepším a najefektívnejším riešením.  |c D. Ogilvy 
520 |a Zakladateľ firmy Ogilvy and Mather David Ogilvy definuje reklamnú agentúru s kompletným servisom. Dôvody, prečo klienti dávajú prednosť full servisovým agentúram: Ľudia. Efektívnosť. Objektívnosť. Zodpovednosť. Tvorivosť. Inovácia. Pružnosť. Skúsenosť. Hodnota. Ceny a hodnota ako lákadlo pre väčšinu klientov reklamných agentúr s kompletným servisom. Pohľad do budúcnosti. 
610 2 0 |a reklama 
610 2 0 |a agentúry 
610 2 0 |a komunikácia 
610 2 0 |a marketing 
610 2 0 |a Ogilvy and Mather 
610 2 0 |a klienti 
100 1 |a Ogilvy, D.